Welcome to the Holygrace Academy Library

Please use search bar below to get started

THE WORST WITCH:AII AT SEA (Record no. 8989)

MARC details
000 -LEADER
fixed length control field 00371nam a22001457a 4500
020 ## - INTERNATIONAL STANDARD BOOK NUMBER
ISBN 978-0-241-42691-3
082 ## - DEWEY DECIMAL CLASSIFICATION NUMBER
Classification number 823
Item number MUR/W
100 ## - MAIN ENTRY--AUTHOR NAME
Personal name MURPHY, JILL
245 ## - TITLE STATEMENT
Title THE WORST WITCH:AII AT SEA
246 ## - VARYING FORM OF TITLE
Title proper/short title THE WORST WITCH:AII AT SEA
Remainder of title THE WORST WITCH:AII AT SEA
260 ## - PUBLICATION, DISTRIBUTION, ETC. (IMPRINT)
Place of publication U K
Name of publisher PUFFIN
Year of publication 2016
300 ## - PHYSICAL DESCRIPTION
Number of Pages 215
650 ## - SUBJECT ADDED ENTRY--TOPICAL TERM
Topical Term ENGLISH ADVENTROUS STORY
942 ## - ADDED ENTRY ELEMENTS (KOHA)
Koha item type Books
Holdings
Withdrawn status Lost status Collection code Home library Current library Shelving location Date acquired Source of acquisition Cost, normal purchase price Full call number Accession Number Koha item type
    Fiction Main Library Main Library NEW SHELF WITH NEW ENTRY 16/11/2024 PURCHASED 350.00 823 MUR/W 13768 Books